Hiệp định thành lập Ngân hàng Phát triển Châu Á
Nhiệm vụ quan trọng nhất của Ngân hàng Phát triển Châu Á là tạo điều kiện thuận lợi cho sự tăng trưởng và hợp tác kinh tế trong khu vực Châu Á và Viễn Đông và góp phần đẩy nhanh quá trình phát triển kinh tế của từng nước thành viên. Ba...
Guardado en:
| Autor Corporativo: | |
|---|---|
| Formato: | Libro |
| Lenguaje: | Undetermined |
| Publicado: |
Philippines
Ngân hàng Phát triển Châu Á
|
| Materias: | |
| Etiquetas: |
Agregar Etiqueta
Sin Etiquetas, Sea el primero en etiquetar este registro!
|
| Thư viện lưu trữ: | Trung tâm Học liệu Trường Đại học Cần Thơ |
|---|
| LEADER | 01139nam a2200181Ia 4500 | ||
|---|---|---|---|
| 001 | CTU_142961 | ||
| 008 | 210402s9999 xx 000 0 und d | ||
| 082 | |a 332.153 | ||
| 082 | |b A832 | ||
| 110 | |a Ngân hàng Phát triển Châu Á (ADB) | ||
| 245 | 0 | |a Hiệp định thành lập Ngân hàng Phát triển Châu Á | |
| 245 | 0 | |c Ngân hàng Phát triển Châu Á | |
| 260 | |a Philippines | ||
| 260 | |b Ngân hàng Phát triển Châu Á | ||
| 520 | |a Nhiệm vụ quan trọng nhất của Ngân hàng Phát triển Châu Á là tạo điều kiện thuận lợi cho sự tăng trưởng và hợp tác kinh tế trong khu vực Châu Á và Viễn Đông và góp phần đẩy nhanh quá trình phát triển kinh tế của từng nước thành viên. Bảng hiệp định này có hiệu lực từ ngày 22-08-1966. | ||
| 650 | |a International Bank for Economic Co-operation,Ngân hàng hợp tác kinh tế quốc tế | ||
| 904 | |i Trọng Hiếu | ||
| 980 | |a Trung tâm Học liệu Trường Đại học Cần Thơ | ||